[Event "Vladivostok op"]
[Site "Vladivostok"]
[Date "2011.03.30"]
[Round "5"]
[White "Slupskiy, Sergey"]
[Black "Panchenko, Makar"]
[Result "1-0"]
[WhiteElo "2321"]
[BlackElo "1924"]
[PlyCount "55"]
[EventDate "2011.03.26"]
[EventType "swiss"]
[EventRounds "9"]
[EventCountry "RUS"]
[SourceTitle "CBM 141 Extra"]
[Source "ChessBase"]
[SourceDate "2011.05.03"]
[SourceVersion "1"]
[SourceVersionDate "2011.05.03"]
[SourceQuality "1"]

1. e4 c5 2. Nf3 e6 3. d3 d5 4. Nbd2 Nc6 5. g3 Nf6 6. Bg2 Be7 7. 0-0 0-0 8. Re1 b6 9. e5 Nd7 10. Nf1 Bb7 11. h4 b5 12. N1h2 Nb6 13. Ng5 Qd7 14. Qh5 h6 15. Ngf3 f5 16. exf6 Bxf6 17. Bh3 Rae8 18. Qg4 Nd8 19. Bxh6 Bxb2 20. Rab1 Bc3 21. Re5 Re7 22. Bg5 Bxe5 23. Nxe5 Qe8 24. Bxe7 Qxe7 25. Ng6 Qe8 26. Nxf8 Kxf8 27. Qf4+ Kg8 28. Ng4 1-0

[Event "Vladivostok Cup"]
[Site "Vladivostok"]
[Date "2010.03.22"]
[Round "4"]
[White "Slupskiy, Sergey"]
[Black "Biryukov, Mikhail"]
[Result "1/2-1/2"]
[WhiteElo "2317"]
[BlackElo "2129"]
[PlyCount "55"]
[EventDate "2010.03.19"]
[EventType "swiss"]
[EventRounds "9"]
[EventCountry "RUS"]
[SourceTitle "EXT 2022"]
[Source "ChessBase"]
[SourceDate "2021.10.06"]
[SourceVersion "1"]
[SourceVersionDate "2021.10.06"]
[SourceQuality "1"]

1. e4 c5 2. c4 Nc6 3. Nc3 d6 4. d3 g6 5. Be3 Bg7 6. Qd2 e5 7. f4 Nd4 8. fxe5 dxe5 9. Nd5 h6 10. Nf3 Ne7 11. Be2 Be6 12. Bd1 Bxd5 13. exd5 Nef5 14. Ba4+ Kf8 15. 0-0 Kg8 16. Nxd4 cxd4 17. Bf2 h5 18. Rae1 Qd6 19. Bd1 Bh6 20. Qc2 Ne3 21. Bxe3 Bxe3+ 22. Kh1 Kg7 23. Bf3 b6 24. Re2 f5 25. Qa4 Rhe8 26. Rc2 e4 27. Be2 a5 28. Qb5 1/2-1/2

[Event "Vladivostok City at Sea-A"]
[Site "Vladivostok"]
[Date "2009.08.01"]
[Round "8"]
[White "Kravtsov, Sergey"]
[Black "Slupskiy, Sergey"]
[Result "1/2-1/2"]
[WhiteElo "2370"]
[BlackElo "2290"]
[PlyCount "44"]
[EventDate "2009.07.25"]
[EventType "tourn"]
[EventRounds "9"]
[EventCountry "RUS"]
[EventCategory "3"]
[SourceTitle "EXT 2022"]
[Source "ChessBase"]
[SourceDate "2021.10.06"]
[SourceVersion "1"]
[SourceVersionDate "2021.10.06"]
[SourceQuality "1"]

1. Nf3 Nf6 2. c4 c6 3. g3 d5 4. Bg2 e6 5. d4 Bd6 6. Nbd2 Nbd7 7. Qc2 0-0 8. 0-0 Re8 9. b3 Qe7 10. Bb2 Ba3 11. Ne5 Bxb2 12. Qxb2 Nxe5 13. dxe5 Nd7 14. e4 dxc4 15. Nxc4 b6 16. Nd6 Rd8 17. f4 f6 18. Nxc8 Raxc8 19. exf6 Nxf6 20. e5 Nd5 21. Rfc1 c5 22. Qe2 Nb4 1/2-1/2

[Event "Vladivostok-ch op"]
[Site "Vladivostok"]
[Date "2008.12.01"]
[Round "7"]
[White "Slupskiy, Sergey"]
[Black "Sek, Konstantin"]
[Result "0-1"]
[WhiteElo "2288"]
[BlackElo "2408"]
[PlyCount "66"]
[EventDate "2008.11.25"]
[EventType "swiss"]
[EventRounds "9"]
[EventCountry "RUS"]
[SourceTitle "EXT 2022"]
[Source "ChessBase"]
[SourceDate "2021.10.06"]
[SourceVersion "1"]
[SourceVersionDate "2021.10.06"]
[SourceQuality "1"]

1. Nf3 d5 2. d4 e6 3. c4 c6 4. Nc3 dxc4 5. e3 b5 6. a4 Bb4 7. Bd2 Nf6 8. Be2 0-0 9. Ne5 Bb7 10. 0-0 Bxc3 11. Bxc3 Nd5 12. Bd2 Nd7 13. f4 f5 14. g4 Nxe5 15. fxe5 Qg5 16. e4 Ne3 17. exf5 exf5 18. Qc1 f4 19. Bxe3 fxe3 20. axb5 cxb5 21. Qc2 Rf2 22. Rxf2 exf2+ 23. Kf1 Qh4 24. Bxc4+ bxc4 25. Qxc4+ Kh8 26. Qf7 Be4 27. Qxf2 Qxg4 28. Ke1 Kg8 29. Qg3 Qd7 30. Qb3+ Bd5 31. Qa4 Qh3 32. Ra3 Qh4+ 33. Kd1 Rf8 0-1

[Event "Vladivostok-ch op"]
[Site "Vladivostok"]
[Date "2008.11.27"]
[Round "3"]
[White "Kopaev, Pavel"]
[Black "Slupskiy, Sergey"]
[Result "0-1"]
[WhiteElo "2141"]
[BlackElo "2288"]
[PlyCount "61"]
[EventDate "2008.11.25"]
[EventType "swiss"]
[EventRounds "9"]
[EventCountry "RUS"]
[SourceTitle "EXT 2022"]
[Source "ChessBase"]
[SourceDate "2021.10.06"]
[SourceVersion "1"]
[SourceVersionDate "2021.10.06"]
[SourceQuality "1"]

1. e4 c5 2. Nf3 Nc6 3. d4 cxd4 4. Nxd4 Nf6 5. Nc3 e5 6. Ndb5 d6 7. Bg5 a6 8. Na3 Be6 9. Nc4 Rc8 10. Nd5 Bxd5 11. exd5 Ne7 12. Bxf6 gxf6 13. a4 Rc5 14. Qf3 Bg7 15. Rd1 f5 16. Qb3 b5 17. axb5 axb5 18. Na3 0-0 19. Be2 f4 20. 0-0 Nf5 21. Nxb5 Qg5 22. Qh3 e4 23. Bg4 Nh4 24. Bd7 Be5 25. c3 Kh8 26. Rfe1 f6 27. f3 Rb8 28. Ra1 Rcxb5 29. Bxb5 Rxb5 30. c4 Rxb2 31. fxe4 0-1

[Event "Vladivostok-ch op"]
[Site "Vladivostok"]
[Date "2008.11.26"]
[Round "2"]
[White "Slupskiy, Sergey"]
[Black "Kravtsov, Sergey"]
[Result "0-1"]
[WhiteElo "2288"]
[BlackElo "2411"]
[PlyCount "63"]
[EventDate "2008.11.25"]
[EventType "swiss"]
[EventRounds "9"]
[EventCountry "RUS"]
[SourceTitle "EXT 2022"]
[Source "ChessBase"]
[SourceDate "2021.10.06"]
[SourceVersion "1"]
[SourceVersionDate "2021.10.06"]
[SourceQuality "1"]

1. e4 c6 2. d4 d5 3. Nd2 dxe4 4. Nxe4 Nd7 5. Nf3 Ngf6 6. Nxf6+ Nxf6 7. Ne5 Be6 8. Be2 g6 9. 0-0 Bg7 10. c4 0-0 11. Be3 Ne4 12. Qc2 Nd6 13. Rfd1 Nf5 14. Nf3 Nxe3 15. fxe3 Qc7 16. Ng5 Bf5 17. e4 Qf4 18. exf5 Qxg5 19. fxg6 hxg6 20. Qe4 Bf6 21. Rd3 Rad8 22. Rad1 Kg7 23. a3 Rh8 24. b4 Rh4 25. g4 Rdh8 26. Qg2 Rxh2 27. Qxh2 Bxd4+ 28. Rxd4 Rxh2 29. Kxh2 Qe5+ 30. Kg2 Qxe2+ 31. Kg1 e5 32. Rd7 0-1

[Event "Arsenyev Sazykin Memorial"]
[Site "Arsenyev"]
[Date "2008.08.15"]
[Round "2"]
[White "Demkin, Yaroslav"]
[Black "Slupskiy, Sergey"]
[Result "0-1"]
[WhiteElo "1911"]
[BlackElo "2260"]
[PlyCount "52"]
[EventDate "2008.08.15"]
[EventType "tourn"]
[EventRounds "11"]
[EventCountry "RUS"]
[SourceTitle "EXT 2022"]
[Source "ChessBase"]
[SourceDate "2021.10.06"]
[SourceVersion "1"]
[SourceVersionDate "2021.10.06"]
[SourceQuality "1"]

1. e4 c5 2. Nf3 e6 3. d4 cxd4 4. Nxd4 Nf6 5. Nc3 Nc6 6. Bb5 Bb4 7. Nde2 Nxe4 8. Bd2 Nxd2 9. Qxd2 d5 10. a3 Be7 11. Nd4 Bd7 12. Bxc6 bxc6 13. 0-0 0-0 14. f4 Qb6 15. Kh1 Bf6 16. Nb3 c5 17. Rab1 c4 18. Nc1 Bc6 19. Qe1 d4 20. Ne4 Be7 21. Nd2 Bd5 22. Qf2 Qc6 23. Nf3 Bc5 24. Ne2 d3 25. Ned4 Qb6 26. c3 Bxf3 0-1

[Event "Arsenyev Sazykin Memorial"]
[Site "Arsenyev"]
[Date "2008.08.15"]
[Round "11"]
[White "Jumabayev, Rinat"]
[Black "Slupskiy, Sergey"]
[Result "1/2-1/2"]
[WhiteElo "2270"]
[BlackElo "2260"]
[PlyCount "34"]
[EventDate "2008.08.15"]
[EventType "tourn"]
[EventRounds "11"]
[EventCountry "RUS"]
[SourceTitle "EXT 2022"]
[Source "ChessBase"]
[SourceDate "2021.10.06"]
[SourceVersion "1"]
[SourceVersionDate "2021.10.06"]
[SourceQuality "1"]

1. e4 c6 2. d4 d5 3. e5 c5 4. c3 Nc6 5. Be3 cxd4 6. cxd4 Qb6 7. Qd2 Bf5 8. Nc3 e6 9. a3 Nge7 10. b4 Bg6 11. Nf3 Nf5 12. Be2 Be7 13. g4 Nxe3 14. Qxe3 Rc8 15. Na4 Qd8 16. g5 h6 17. gxh6 Rxh6 1/2-1/2

[Event "Vladivostok op"]
[Site "Vladivostok"]
[Date "2008.06.02"]
[Round "3"]
[White "Slupskiy, Sergey"]
[Black "Tsigelnitskiy, Ilusha"]
[Result "1-0"]
[WhiteElo "2275"]
[BlackElo "2369"]
[PlyCount "31"]
[EventDate "2008.05.31"]
[EventType "swiss"]
[EventRounds "9"]
[EventCountry "RUS"]
[SourceTitle "EXT 2009"]
[Source "ChessBase"]
[SourceDate "2008.11.26"]
[SourceVersion "1"]
[SourceVersionDate "2008.11.26"]
[SourceQuality "1"]

1. b3 g6 2. Bb2 Nf6 3. e3 Bg7 4. f4 0-0 5. Nf3 c5 6. Be2 Nc6 7. 0-0 d5 8. h3 d4 9. Ne5 Nd5 10. Nxc6 bxc6 11. Qc1 e5 12. Na3 Qh4 13. Bf3 dxe3 14. dxe3 Bxh3 15. Be2 Bc8 16. Nc4 1-0

[Event "Vladivostok op"]
[Site "Vladivostok"]
[Date "2008.06.01"]
[Round "2"]
[White "Pats, Vladimir"]
[Black "Slupskiy, Sergey"]
[Result "0-1"]
[WhiteElo "1992"]
[BlackElo "2275"]
[PlyCount "77"]
[EventDate "2008.05.31"]
[EventType "swiss"]
[EventRounds "9"]
[EventCountry "RUS"]
[SourceTitle "EXT 2009"]
[Source "ChessBase"]
[SourceDate "2008.11.26"]
[SourceVersion "1"]
[SourceVersionDate "2008.11.26"]
[SourceQuality "1"]

1. c4 b6 2. Nc3 e6 3. Nf3 Bb7 4. g3 f5 5. Bg2 Nf6 6. d3 Be7 7. 0-0 0-0 8. Re1 Qc8 9. Bg5 d6 10. e4 fxe4 11. Nxe4 e5 12. Nxf6+ Bxf6 13. Be3 c5 14. Qe2 Nd7 15. Rad1 Qc7 16. b3 Rae8 17. Nd2 Bd8 18. Qh5 Nf6 19. Qe2 Bxg2 20. Kxg2 Qb7+ 21. Kg1 Bc7 22. Bg5 Nd7 23. Qg4 Qc8 24. Ne4 Kh8 25. Nc3 Bd8 26. Re3 Bxg5 27. Qxg5 h6 28. Qg4 Qd8 29. Rd2 Nb8 30. Qe4 Qd7 31. Qd5 Nc6 32. Kg2 Re6 33. Rf3 Rfe8 34. Re3 Nd4 35. Ne2 Nf5 36. Rf3 Rf6 37. Nc3 Rd8 38. Kg1 Nd4 39. Rxf6 0-1

[Event "RUS-chT2"]
[Site "Sochi"]
[Date "2008.04.11"]
[Round "9"]
[White "Slupskiy, Sergey"]
[Black "Gladyszev, Oleg"]
[Result "0-1"]
[WhiteElo "2275"]
[BlackElo "2485"]
[PlyCount "59"]
[EventDate "2008.04.03"]
[EventType "team"]
[EventRounds "9"]
[EventCountry "RUS"]
[SourceTitle "CBM 123 Extra"]
[Source "ChessBase"]
[SourceDate "2008.05.06"]
[SourceVersion "1"]
[SourceVersionDate "2008.05.06"]
[SourceQuality "1"]

1. e4 c5 2. Nf3 Nc6 3. c3 Nf6 4. e5 Nd5 5. d4 cxd4 6. cxd4 d6 7. exd6 Qxd6 8. Nc3 g6 9. Bc4 Nxc3 10. bxc3 Bg7 11. 0-0 0-0 12. Re1 Bg4 13. h3 Bxf3 14. Qxf3 Nxd4 15. cxd4 Qxd4 16. Ba3 Qxc4 17. Bxe7 Bxa1 18. Bxf8 Qc3 19. Qxc3 Bxc3 20. Rc1 Bd2 21. Rc2 Bf4 22. Ba3 Rd8 23. g3 Be5 24. Kg2 Kg7 25. Bc1 Rd7 26. Be3 b6 27. Kf3 Kf6 28. Rc4 Ke6 29. Ke2 f5 30. Kf3 0-1

[Event "Vladivostok-ch"]
[Site "Vladivostok"]
[Date "2008.03.27"]
[Round "6"]
[White "Slupskiy, Sergey"]
[Black "Sek, Konstantin"]
[Result "0-1"]
[WhiteElo "2275"]
[BlackElo "2358"]
[PlyCount "64"]
[EventDate "2008.03.22"]
[EventType "tourn"]
[EventRounds "7"]
[EventCountry "RUS"]
[EventCategory "4"]
[SourceTitle "EXT 2022"]
[Source "ChessBase"]
[SourceDate "2021.10.06"]
[SourceVersion "1"]
[SourceVersionDate "2021.10.06"]
[SourceQuality "1"]

1. Nf3 Nf6 2. d4 c5 3. g3 d5 4. c3 Nc6 5. Bg2 e6 6. 0-0 Be7 7. Bg5 0-0 8. Nbd2 Qb6 9. Qb3 cxd4 10. Qxb6 axb6 11. cxd4 h6 12. Bxf6 Bxf6 13. e3 Bd7 14. Rfc1 Rfc8 15. a3 b5 16. Nb3 b6 17. Bf1 Na5 18. Nxa5 bxa5 19. Bd3 Be7 20. Ne5 Be8 21. Bf1 g5 22. Nd3 Bf8 23. b4 Kg7 24. Nc5 Kf6 25. Rab1 axb4 26. axb4 Bd6 27. Ra1 Ke7 28. Be2 f6 29. Kf1 h5 30. Ke1 f5 31. Bd3 e5 32. Be2 f4 0-1

[Event "Vladivostok-ch"]
[Site "Vladivostok"]
[Date "2008.03.26"]
[Round "5"]
[White "Kravtsov, Sergey"]
[Black "Slupskiy, Sergey"]
[Result "1-0"]
[WhiteElo "2396"]
[BlackElo "2275"]
[PlyCount "37"]
[EventDate "2008.03.22"]
[EventType "tourn"]
[EventRounds "7"]
[EventCountry "RUS"]
[EventCategory "4"]
[SourceTitle "EXT 2022"]
[Source "ChessBase"]
[SourceDate "2021.10.06"]
[SourceVersion "1"]
[SourceVersionDate "2021.10.06"]
[SourceQuality "1"]

1. d4 e6 2. c4 b6 3. e4 Bb7 4. Bd3 Nc6 5. Ne2 Nb4 6. Nbc3 Nxd3+ 7. Qxd3 f5 8. f3 fxe4 9. fxe4 Qh4+ 10. g3 Qd8 11. 0-0 Bb4 12. e5 Nh6 13. Bxh6 gxh6 14. Ne4 Bxe4 15. Qxe4 c6 16. a3 Bf8 17. d5 Qc7 18. d6 Qb7 19. Qh4 1-0

[Event "Vladivostok-ch"]
[Site "Vladivostok"]
[Date "2008.03.24"]
[Round "3"]
[White "Kharitonov, Egor"]
[Black "Slupskiy, Sergey"]
[Result "1-0"]
[WhiteElo "2352"]
[BlackElo "2275"]
[PlyCount "51"]
[EventDate "2008.03.22"]
[EventType "tourn"]
[EventRounds "7"]
[EventCountry "RUS"]
[EventCategory "4"]
[SourceTitle "EXT 2022"]
[Source "ChessBase"]
[SourceDate "2021.10.06"]
[SourceVersion "1"]
[SourceVersionDate "2021.10.06"]
[SourceQuality "1"]

1. e4 c6 2. d4 d5 3. e5 Bf5 4. Nf3 e6 5. Be2 c5 6. Be3 Nd7 7. c4 dxc4 8. Bxc4 Ne7 9. dxc5 Nc6 10. Nc3 Bg4 11. Bb5 Ndxe5 12. Qxd8+ Kxd8 13. Nxe5 Nxe5 14. h3 Bh5 15. g4 Bg6 16. 0-0-0+ Kc8 17. f4 Nc6 18. Be2 Be7 19. Rhf1 f6 20. Bc4 Bf7 21. f5 Nd8 22. fxe6 Nxe6 23. Rfe1 Rd8 24. Bxe6+ Bxe6 25. Bd4 Kd7 26. Bg1+ 1-0

[Event "Vladivostok-ch"]
[Site "Vladivostok"]
[Date "2008.03.23"]
[Round "2"]
[White "Slupskiy, Sergey"]
[Black "Tsigelnitskiy, Ilusha"]
[Result "0-1"]
[WhiteElo "2275"]
[BlackElo "2369"]
[PlyCount "58"]
[EventDate "2008.03.22"]
[EventType "tourn"]
[EventRounds "7"]
[EventCountry "RUS"]
[EventCategory "4"]
[SourceTitle "EXT 2022"]
[Source "ChessBase"]
[SourceDate "2021.10.06"]
[SourceVersion "1"]
[SourceVersionDate "2021.10.06"]
[SourceQuality "1"]

1. c4 c5 2. Nc3 Nf6 3. g3 e6 4. Bg2 d5 5. d3 d4 6. Ne4 Nxe4 7. Bxe4 Bd6 8. Bg2 e5 9. e4 0-0 10. Ne2 Nc6 11. 0-0 f5 12. f3 Be6 13. Bd2 fxe4 14. fxe4 Qd7 15. Kh1 Bg4 16. Qe1 Rxf1+ 17. Bxf1 Rf8 18. Ng1 Nb4 19. Bxb4 cxb4 20. Be2 Be7 21. Kg2 Be6 22. Qd2 a5 23. Rf1 Rxf1 24. Bxf1 b5 25. Nf3 bxc4 26. dxc4 Bf6 27. Bd3 h6 28. h4 Qf7 29. Qc1 Qg6 0-1

[Event "Vladivostok-ch"]
[Site "Vladivostok"]
[Date "2008.03.22"]
[Round "1"]
[White "Slupskiy, Sergey"]
[Black "Tkachenko, Evgeniy"]
[Result "1-0"]
[WhiteElo "2275"]
[BlackElo "2283"]
[PlyCount "95"]
[EventDate "2008.03.22"]
[EventType "tourn"]
[EventRounds "7"]
[EventCountry "RUS"]
[EventCategory "4"]
[SourceTitle "EXT 2022"]
[Source "ChessBase"]
[SourceDate "2021.10.06"]
[SourceVersion "1"]
[SourceVersionDate "2021.10.06"]
[SourceQuality "1"]

1. Nf3 d5 2. d4 e6 3. g3 f5 4. Bg2 Bd6 5. 0-0 Nf6 6. b3 Qe7 7. Bb2 0-0 8. c4 c6 9. Nbd2 b6 10. Ne5 Bb7 11. Rc1 c5 12. e3 Nbd7 13. f4 Rac8 14. Ndf3 Rfd8 15. Nxd7 Rxd7 16. Ne5 Bxe5 17. fxe5 Ng4 18. Qe2 Qg5 19. Rf4 Ba6 20. h3 Nh6 21. Kh2 dxc4 22. bxc4 cxd4 23. exd4 Qe7 24. Bf1 Rdc7 25. Qc2 Bb7 26. Qb3 Nf7 27. Rd1 Be4 28. Rf2 h5 29. Rdd2 h4 30. d5 Rd7 31. d6 Qg5 32. gxh4 Qxh4 33. Qg3 Qxg3+ 34. Kxg3 Rc5 35. Bd4 Ra5 36. c5 bxc5 37. Ba1 Ra3+ 38. Kh2 Ng5 39. Rb2 Nf3+ 40. Rxf3 Bxf3 41. Rb8+ Kf7 42. Bb5 Rb7 43. Be8+ Kg8 44. Rc8 Kh7 45. d7 Rxa2+ 46. Kg3 Rb3 47. Kf4 Be4 48. Bh5 1-0